Bilder aus dem Gebiet der Pueblo-Indianer in Nord-Amerika : Vorträge und Fotografien /
Aby Warburg brach im September 1895 zu einer Reise in die USA auf, die für ihn wie auch für die wissenschaftliche Disziplin Kunstgeschichte folgenreich war. Die Ergebnisse seiner kulturanthropologischen Forschungen ('Schlangenritual'), die er 1897 in Vorträgen und 1923 im Kreuzlinger Sanat...
Zapisane w:
| 1. autor: | |
|---|---|
| Kolejni autorzy: | |
| Format: | Książka |
| Język: | niemiecki |
| Wydane: |
Berlin, Deutschland:
De Gruyter,
[2018]
|
| Seria: | Warburg, Aby, 1866-1929. Works. 1998 ;
v. 3 Bd. III.2. |
| Hasła przedmiotowe: | |
| Etykiety: |
Dodaj etykietę
Nie ma etykietki, Dołącz pierwszą etykiete!
|
MARC
| LEADER | 00000cam a2200000 i 4500 | ||
|---|---|---|---|
| 001 | 20734091 | ||
| 003 | CL-VaPUC | ||
| 005 | 20230102135202.0 | ||
| 008 | 181106s2018 gw a b 001 0 ger d | ||
| 999 | |c 439059 |d 439057 | ||
| 010 | |a 2018440346 | ||
| 020 | |a 9783110599213 (cl.) | ||
| 035 | |a (OCoLC)on1054392615 | ||
| 040 | |a ERASA |b eng |c Pontificia Universidad Católica de Valparaíso |d HTV |d DLC | ||
| 042 | |a lccopycat | ||
| 043 | |a n-us--- | ||
| 082 | 0 | 0 | |a 299.784 WAR 2018 |2 23 |
| 100 | 1 | |a Warburg, Aby, |d 1866-1929, |e author. |9 879118 | |
| 245 | 1 | 0 | |a Bilder aus dem Gebiet der Pueblo-Indianer in Nord-Amerika : |b Vorträge und Fotografien / |c Aby Warburg ; herausgegeben von Uwe Fleckner. |
| 246 | 3 | 0 | |a Vorträge und Fotografien |
| 260 | |a Berlin, Deutschland: |b De Gruyter, |c [2018] | ||
| 300 | |a XII, 461 pages : |b chiefly illustrations (some color) ; |c 31 cm | ||
| 490 | 1 | |a Aby Warburg: Gesammelte Schriften - Studienausgabe ; |v v. 3, Bd. III.2 | |
| 504 | |a Includes bibliographical references and index. | ||
| 520 | 8 | |a Aby Warburg brach im September 1895 zu einer Reise in die USA auf, die für ihn wie auch für die wissenschaftliche Disziplin Kunstgeschichte folgenreich war. Die Ergebnisse seiner kulturanthropologischen Forschungen ('Schlangenritual'), die er 1897 in Vorträgen und 1923 im Kreuzlinger Sanatorium präsentierte, werden erstmals in verlässlichen Transkriptionen und mit allen Bilddokumenten vorgelegt. Neben ca. 200 Fotografien, die Warburg etwa von Tanzritualen der Pueblo-Indianer aufnahm, bietet diese Edition erstmals den vollständigen Katalog seiner Sammlung indianischer Artefakte. Ausführlich kommentiert und Kenntnisse zu jener Reise erweiternd, zeigt der Band, wie Warburg die Erforschung der Kultur der Hopi zur kulturpsychologischen Selbstbetrachtung des europäischen Wissenschaftlers nutzt. | |
| 583 | |c 20221206 | ||
| 650 | 0 | |a Pueblos indios |x Religion. |9 879119 | |
| 650 | 0 | |a Pueblos indios |9 879120 | |
| 650 | 0 | |a Pueblos indios |x Vida social y costumbres |9 879121 | |
| 650 | 0 | |a Culto a la serpiente |9 879122 | |
| 700 | 1 | |a Fleckner, Uwe, |e editor. |9 879123 | |
| 800 | 1 | |a Warburg, Aby, |d 1866-1929. |t Works. |f 1998 ; |v v. 3 Bd. III.2. |9 879124 | |
| 942 | |2 ddc |c BK | ||
| 952 | |0 0 |1 0 |2 ddc |4 0 |6 299_784000000000000_WAR_2018 |7 0 |8 A |9 588148 |a BIBEDU |b BIBEDU |c GEN |d 2022-12-06 |e 74 |g 104449.00 |i 5655960 |o 299.784 WAR 2018 |p 5655960 |r 2022-12-06 |t 1 |v 104449.00 |w 2022-12-06 |y BK |k FIL | ||